000 00501nam a2200181Ia 4500
008 090124s9999 xx 000 0 und d
082 _b122299
100 _aबागूल चारुदत्त
245 _a उध्वस्त
250 _a1
260 _c1987
300 _a196
600 _aबागूल चारुदत्त
630 _a उध्वस्त
700 _aबागूल चारुदत्त
730 _a उध्वस्त
942 _cBOOK
999 _c168385
_d168385